01045nam a22002417a 4500999001500000001000600015003000900021005001700030008004100047040002800088082002300116100002800139245019200167250001800359260003900377300004100416500014200457504002000599650003100619700002200650942001200672952011900684 c1493d149313274BD-DhUAP20200209103825.0200209s2001 ii b 001 0 eng d aHVLcHVLbEngdBD-DhUAP00223 a345.5405 JHA  aJhabvala, Noshirvan H. 14aThe code of criminal procedure,1973 (Act 2 of 1974) :bas amended by the Code of Criminal Procedure (amendment) Act, 2001/cNoshirvan H. Jhabvala ; edited and revised by H. D. Pithawalla. a21st rev. ed. aBombay :bC. Jamnadas & co.c2005. a255 pages :billustrations ;c24 cm. a"Contains the text of the act with notes, comments, etc., as amended, and brought uptodate and an analytical abstract of the whole code." aIncludes index. 0aCriminal ProcedurezIndia.1 aPithawalla, H. D.002ddccBK 00102ddc4070aUAPCLbUAPCLcGeneral Stacksd2020-02-09o345.5405 JHAp3010013274r2020-02-09t1w2020-02-09yBK